[Event "CRO-chT2 East"]
[Site "Croatia"]
[Date "2011.10.29"]
[Round "10"]
[White "Golubic, Miroslav"]
[Black "Vernacki, Srdjan"]
[Result "0-1"]
[WhiteElo "2042"]
[BlackElo "2283"]
[PlyCount "90"]
[EventDate "2011.04.02"]
[EventType "tourn"]
[EventRounds "11"]
[EventCountry "CRO"]
[SourceTitle "EXT 2014"]
[Source "ChessBase"]
[SourceDate "2013.11.20"]
[SourceVersion "1"]
[SourceVersionDate "2013.11.20"]
[SourceQuality "1"]

1. e4 c5 2. Nc3 e6 3. g3 Nc6 4. Bg2 g6 5. d3 Bg7 6. Be3 d6 7. Nf3 Nd4 8. Qd2 Ne7 9. Nd1 0-0 10. 0-0 Nxf3+ 11. Bxf3 Nc6 12. c3 Rb8 13. Bg2 b5 14. a3 Qc7 15. Bh6 e5 16. Bxg7 Kxg7 17. f4 f6 18. Ne3 Ne7 19. f5 g5 20. Qe2 Bd7 21. h4 h6 22. Bf3 b4 23. axb4 cxb4 24. c4 Qc5 25. Kg2 a5 26. Bh5 a4 27. hxg5 hxg5 28. Rh1 Rh8 29. g4 Nc6 30. Kg3 Nd4 31. Qf2 a3 32. Nd5 Nb3 33. Ra2 Qxf2+ 34. Kxf2 Nc5 35. Ke3 Bc6 36. Ne7 Bb7 37. bxa3 b3 38. Rb2 Ra8 39. Ra1 Ra7 40. Nd5 Bxd5 41. cxd5 Rha8 42. d4 exd4+ 43. Kxd4 Re7 44. a4 Rxe4+ 45. Kc3 Raxa4 0-1